10 to 1: European Geography Quiz Stats

 Plays Quiz Updated Jun 26, 2017

Challenge
Share
Tweet
Embed
Score 0/55 Timer 06:00
30 Plays Today
% Correct
London
97.1%
Berlin
96.5%
Paris
96.4%
Rome
95.5%
Madrid
95.1%
Budapest
94.8%
Moscow
94%
Crete
93.4%
Germany
93.3%
England
93%
Scotland
92.9%
Belgium
92.8%
Wales
92.7%
Northern Ireland
92.6%
Norway
92.3%
Finland
92.1%
Sweden
91.9%
Spain
91.7%
Alps
91.6%
Bosnia and Herzegovina
91.3%
Denmark
91.2%
Bucharest
91.1%
Corsica
91.1%
Sicily
91%
Serbia
90.9%
Rhine
90.7%
Slovenia
90.6%
Croatia
90.3%
% Correct
Danube
89.8%
Iceland
89.5%
Luxembourg
89.4%
Italy
89.3%
Kosovo
89.2%
Switzerland
89%
Majorca
88.7%
Sardinia
88.5%
Vatican City
87.6%
Pyrenees
87.4%
Macedonia
87.2%
Montenegro
87%
Minorca
86.9%
Ibiza
86.9%
Rhône
86.7%
Iberian
85.9%
Monaco
85.6%
Andorra
84.7%
Volga
84.2%
Kyiv
84.1%
Minsk
83.1%
Carpathians
81.1%
Crimean
79.8%
Dnieper
79.5%
Dniester
76%
Rhodes
75.3%
Euboea
69.4%

You're not logged in!

Compare scores with friends on all Sporcle quizzes.
Join for Free
OR
Log In

You Might Also Like...

Show Comments

Extras

Top Quizzes Today


Score Distribution

Your Account Isn't Verified!

In order to create a playlist on Sporcle, you need to verify the email address you used during registration. Go to your Sporcle Settings to finish the process.

Report this User

Report this user for behavior that violates our Community Guidelines.

Details: